<?xml version="1.0" encoding="UTF-8"?>
<record
    xmlns:xsi="http://www.w3.org/2001/XMLSchema-instance"
    xsi:schemaLocation="http://www.loc.gov/MARC21/slim http://www.loc.gov/standards/marcxml/schema/MARC21slim.xsd"
    xmlns="http://www.loc.gov/MARC21/slim">

  <leader>00828cam a22002537i 4500</leader>
  <datafield tag="999" ind1=" " ind2=" ">
    <subfield code="c">130098</subfield>
    <subfield code="d">130098</subfield>
  </datafield>
  <controlfield tag="001">21205631</controlfield>
  <controlfield tag="005">20230121115701.0</controlfield>
  <controlfield tag="008">190913s2019    paua     b    001 0 eng  </controlfield>
  <datafield tag="020" ind1=" " ind2=" ">
    <subfield code="a">9780323710657</subfield>
  </datafield>
  <datafield tag="020" ind1=" " ind2=" ">
    <subfield code="a">0323710654</subfield>
  </datafield>
  <datafield tag="040" ind1=" " ind2=" ">
    <subfield code="c">PK-LaUMT</subfield>
  </datafield>
  <datafield tag="082" ind1="0" ind2="4">
    <subfield code="a">617.5820592</subfield>
    <subfield code="2">23</subfield>
    <subfield code="b">SCO-T</subfield>
  </datafield>
  <datafield tag="100" ind1="1" ind2=" ">
    <subfield code="a">Scott, Richard D.</subfield>
  </datafield>
  <datafield tag="245" ind1="1" ind2="0">
    <subfield code="a">Total knee arthroplasty :</subfield>
    <subfield code="b">a technique manual /</subfield>
    <subfield code="c">by Richard D. Scott</subfield>
  </datafield>
  <datafield tag="250" ind1=" " ind2=" ">
    <subfield code="a">3rd ed.</subfield>
  </datafield>
  <datafield tag="260" ind1=" " ind2=" ">
    <subfield code="a">Philadelphia :</subfield>
    <subfield code="b">Elsevier,</subfield>
    <subfield code="c">2020</subfield>
  </datafield>
  <datafield tag="300" ind1=" " ind2=" ">
    <subfield code="a">ix, 133 p. :</subfield>
    <subfield code="b">illustrations (some color) ;</subfield>
    <subfield code="c">29 cm</subfield>
  </datafield>
  <datafield tag="650" ind1=" " ind2="0">
    <subfield code="a">Total knee replacement.</subfield>
  </datafield>
  <datafield tag="650" ind1="1" ind2="2">
    <subfield code="a">Arthroplasty, Replacement, Knee</subfield>
    <subfield code="x">methods.</subfield>
  </datafield>
  <datafield tag="650" ind1="2" ind2="2">
    <subfield code="a">Arthroplasty, Replacement, Knee</subfield>
    <subfield code="x">adverse effects.</subfield>
  </datafield>
  <datafield tag="650" ind1="2" ind2="2">
    <subfield code="a">Postoperative Complications</subfield>
    <subfield code="x">prevention &amp; control.</subfield>
  </datafield>
  <datafield tag="650" ind1=" " ind2="7">
    <subfield code="a">Total knee replacement.</subfield>
  </datafield>
  <datafield tag="942" ind1=" " ind2=" ">
    <subfield code="c">BK</subfield>
  </datafield>
  <datafield tag="952" ind1=" " ind2=" ">
    <subfield code="0">0</subfield>
    <subfield code="1">0</subfield>
    <subfield code="4">0</subfield>
    <subfield code="7">0</subfield>
    <subfield code="a">HSC</subfield>
    <subfield code="b">HSC</subfield>
    <subfield code="d">2023-01-21</subfield>
    <subfield code="l">0</subfield>
    <subfield code="o">617.5820592 SCO-T</subfield>
    <subfield code="p">144445</subfield>
    <subfield code="r">2023-01-21 00:00:00</subfield>
    <subfield code="w">2023-01-21</subfield>
    <subfield code="y">BK</subfield>
  </datafield>
</record>
